000 00529nam a2200133 4500
999 _c9027
_d9027
008 180404b ||||| |||| 00| 0 eng d
082 _aDPer 050 Dec 2015-Mar 2016 T48 v186-187
100 _927128
_aMalsin, Jared.
245 _aAfter the spring:
_ban Egyptian father searches for justice five years after the Tahrir protests/
_cJared Malsin.
260 _aNew York:
_bTime Inc.,
_c©Dec 2015-Mar 2016.
300 _av187 n4, pages 28-32:
_billustrations;
_c27 cm.
650 0 _927129
_aLeadership
_xAutocratic.
942 _2ddc
_cPER